Hodnotenie vplyvu univerzity na región dopadové štúdie
Objasnenie krátkodobých vplyvov univerzity na región prostredníctvom štúdie vplyvov výdavkov študentov EU v Bratislave.
Salvato in:
| Autore principale: | |
|---|---|
| Natura: | Capitolo di libro |
| Lingua: | slovacco |
| Soggetti: | |
| Tags: |
Nessun Tag, puoi essere il primo ad aggiungerne!!
|
MARC
| LEADER | 00000nla$a2200000$$$4500 | ||
|---|---|---|---|
| 001 | 0114773 | ||
| 005 | 20240613070443.6 | ||
| 041 | 0 | |a slo | |
| 044 | |a SK | ||
| 245 | 1 | 0 | |a Hodnotenie vplyvu univerzity na región |b dopadové štúdie |c Štefan Rehák |
| 520 | |a Objasnenie krátkodobých vplyvov univerzity na región prostredníctvom štúdie vplyvov výdavkov študentov EU v Bratislave. | ||
| 610 | 2 | 0 | |a univerzity |
| 610 | 2 | 0 | |a regióny |
| 610 | 2 | 0 | |a výdavky |
| 610 | 2 | 0 | |a Ekonomická univerzita v Bratislave |
| 100 | 1 | |a Rehák, Štefan, 1974- | |